000 00396nam a22001457a 4500
008 231125b |||||||| |||| 00| 0 eng d
020 _a9780070499355
082 _a004.6 FOR
100 _aForouzan, Behrouz A.
245 _aData Communications and Networking
250 _a2nd ed.
260 _aNew Delhi :
_bTata McGraw-Hill,
_c2001.
300 _axxxii. 944 p:
_billus,
_c23.7 cm
942 _2ddc
999 _c9740
_d9741